[Event "XVI. DBMM Schach"]
[Site "Dresden"]
[Date "2016.11.04"]
[Round "3.2"]
[White "Bischoff, Ulrich"]
[Black "Mayer, Herbert"]
[Result "1/2-1/2"]
[WhiteElo "2107"]
[BlackElo "1895"]
[Annotator "br"]
[PlyCount "57"]
[EventDate "2016.11.??"]
[SourceTitle "XVI. DBMM 2016"]
[Source "FV Schach e.V."]
[SourceDate "2017.06.14"]
[SourceVersion "1"]
[SourceVersionDate "2017.06.14"]
[SourceQuality "1"]
[WhiteTeam "Sparkassen-Versicherung Stuttgart"]
[BlackTeam "SV Osram Berlin II"]
[WhiteTeamCountry "GER"]
[BlackTeamCountry "GER"]

1. e4 c5 2. Nf3 a6 3. d4 cxd4 4. Nxd4 Nf6 5. Nc3 e5 6. Nde2 Bc5 7. Ng3 Qb6 8.
Qf3 Nc6 9. h3 d6 10. Bd3 Nd4 11. Qd1 Nb5 12. O-O Nxc3 13. bxc3 Be6 14. Qe2 Rc8
15. a4 Qc7 16. Bd2 O-O 17. Rae1 Bd7 18. Ra1 h6 19. Kh1 d5 20. f4 dxe4 21. Nxe4
Nxe4 22. Qxe4 f5 23. Qxe5 Bd6 24. Qd5+ Kh8 25. Rae1 Bc6 26. Qd4 Rcd8 27. c4 Bb4
28. Qxd8 Rxd8 29. Bxb4 {Rest unleserlich.} 1/2-1/2

[Event "XVI. DBMM Schach"]
[Site "Dresden"]
[Date "2016.11.04"]
[Round "3.3"]
[White "Hildebrand, Gerald"]
[Black "Marten, Gero"]
[Result "0-1"]
[WhiteElo "2180"]
[BlackElo "2010"]
[Annotator "gh"]
[PlyCount "82"]
[EventDate "2016.11.??"]
[SourceTitle "XVI. DBMM 2016"]
[Source "FV Schach e.V."]
[SourceDate "2017.06.14"]
[SourceVersion "1"]
[SourceVersionDate "2017.06.14"]
[SourceQuality "1"]
[WhiteTeam "SV Osram Berlin II"]
[BlackTeam "Sparkassen-Versicherung Stuttgart"]
[WhiteTeamCountry "GER"]
[BlackTeamCountry "GER"]

1. d4 Nf6 2. c4 e6 3. Nc3 Bb4 4. e3 b6 5. Bd3 Bb7 6. f3 Bxc3+ 7. bxc3 d6 8. Nh3
O-O 9. O-O Nbd7 10. e4 e5 11. Rb1 Re8 12. Be3 Qe7 13. Qe1 c5 14. d5 Rab8 15.
Nf2 Nh5 16. Qd2 Bc8 17. g4 Nf4 18. Bxf4 exf4 19. Qxf4 Ne5 20. Qe3 Qh4 21. Be2
Ba6 22. Nh1 Bxc4 23. Bxc4 Nxc4 24. Qe2 Ne5 25. Ng3 g6 26. a4 c4 27. Rb4 Rec8
28. Rfb1 Nd3 29. Rb5 Qf6 30. Qe3 Qxc3 31. a5 Qf6 32. axb6 axb6 33. Rxb6 Rxb6
34. Rxb6 Qa1+ 35. Kg2 Qa7 36. Nf1 Ne1+ 37. Kg3 Qa1 38. Rc6 Ra8 39. Rxc4 Ra3 40.
Qh6 Rxf3+ 41. Kh4 Qf6+ 0-1

[Event "XVI. DBMM Schach"]
[Site "Dresden"]
[Date "2016.11.04"]
[Round "3.4"]
[White "Seifert, Martin"]
[Black "Riess, Bernhard"]
[Result "1-0"]
[WhiteElo "1988"]
[BlackElo "1567"]
[Annotator "br"]
[PlyCount "109"]
[EventDate "2016.11.??"]
[SourceTitle "XVI. DBMM 2016"]
[Source "FV Schach e.V."]
[SourceDate "2017.06.14"]
[SourceVersion "1"]
[SourceVersionDate "2017.06.14"]
[SourceQuality "1"]
[WhiteTeam "Sparkassen-Versicherung Stuttgart"]
[BlackTeam "SV Osram Berlin II"]
[WhiteTeamCountry "GER"]
[BlackTeamCountry "GER"]

1. e4 c6 2. d4 d5 3. Nc3 dxe4 4. Nxe4 Nd7 5. Nf3 Ngf6 6. Nxf6+ Nxf6 7. Bc4 e6
8. Ne5 Be7 9. O-O O-O 10. Be3 Bd7 11. Bb3 Rc8 12. c4 b6 13. f4 c5 14. d5 exd5
15. cxd5 Bd6 16. Qf3 b5 17. Nxd7 Qxd7 18. Rad1 c4 19. Bc2 a5 20. Bd4 Bc5 21.
Kh1 Qxd5 22. Qxd5 Nxd5 23. Bxg7 Ne3 24. Bxf8 Bxf8 25. Be4 Nxf1 26. Rxf1 b4 27.
Rd1 c3 28. bxc3 Rxc3 29. g3 a4 30. Rd7 b3 31. axb3 axb3 32. Rb7 Ba3 33. Kg2 b2
34. Kh3 Rc4 35. Bd5 Rb4 36. Bxf7+ Kf8 37. Rxb4 Bxb4 38. Ba2 Kg7 39. Kg4 h6 40.
Bb1 Bc3 41. Kf5 Bd4 42. g4 Bg1 43. h3 Bf2 44. g5 hxg5 45. fxg5 Be1 46. Kg4 Bd2
47. h4 Bc3 48. Kf5 Be1 49. h5 Bc3 50. h6+ Kh8 51. g6 Bd4 52. Ba2 Bc3 53. Ke6
Bd4 54. Kf7 b1=Q 55. Bxb1 1-0

[Event "XVI. DBMM Schach"]
[Site "Dresden"]
[Date "2016.11.04"]
[Round "3.1"]
[White "Gempe, Thomas"]
[Black "Brendemuehl, Bernd"]
[Result "1-0"]
[WhiteElo "2209"]
[BlackElo "1849"]
[Annotator "rgv"]
[PlyCount "61"]
[EventDate "2016.11.??"]
[SourceTitle "XVI. DBMM 2016"]
[Source "FV Schach e.V."]
[SourceDate "2017.06.14"]
[SourceVersion "1"]
[SourceVersionDate "2017.06.14"]
[SourceQuality "1"]
[WhiteTeam "ADAC Muenchen"]
[BlackTeam "Europaeisches Patentamt Muenchen II"]
[WhiteTeamCountry "GER"]
[BlackTeamCountry "GER"]

1. d4 f5 2. e4 fxe4 3. Nc3 Nf6 4. Bg5 e6 5. Nxe4 Be7 6. Bxf6 Bxf6 7. Nf3 O-O 8.
Bd3 b6 9. c3 Bb7 10. Qc2 h6 11. h4 Bxe4 12. Bxe4 d5 13. Bh7+ Kh8 14. O-O-O Nd7
15. Rde1 c5 16. Kb1 cxd4 17. cxd4 Rc8 18. Qd3 Qe7 19. Bf5 Rc6 20. g4 Qb4 21.
Bxe6 Nc5 22. Qc2 Na4 23. Qb3 Qa5 24. Qxd5 Qb4 25. Qb3 Qa5 26. Ne5 Bxe5 27. Rxe5
b5 28. Rxb5 Qa6 29. Rb8 Rxe6 30. Rxf8+ Kh7 31. Qc2+ 1-0

[Event "XVI. DBMM Schach"]
[Site "Dresden"]
[Date "2016.11.04"]
[Round "3.2"]
[White "Bumes, Konrad"]
[Black "Haas, Peter"]
[Result "0-1"]
[WhiteElo "2050"]
[BlackElo "2098"]
[Annotator "rgv"]
[PlyCount "120"]
[EventDate "2016.11.??"]
[SourceTitle "XVI. DBMM 2016"]
[Source "FV Schach e.V."]
[SourceDate "2017.06.14"]
[SourceVersion "1"]
[SourceVersionDate "2017.06.14"]
[SourceQuality "1"]
[WhiteTeam "Europaeisches Patentamt Muenchen II"]
[BlackTeam "ADAC Muenchen"]
[WhiteTeamCountry "GER"]
[BlackTeamCountry "GER"]

1. d4 e6 2. c4 Nf6 3. Nf3 b6 4. a3 Bb7 5. Nc3 d5 6. cxd5 Nxd5 7. Qc2 Nxc3 8.
bxc3 Be7 9. e4 O-O 10. Be2 c5 11. Bb2 Qc7 12. c4 cxd4 13. Nxd4 Nd7 14. O-O Qf4
15. f3 Bc5 16. Kh1 Bd6 17. g3 Qh6 18. Kg2 Rfd8 19. Rfd1 Rac8 20. Nb5 Bb8 21.
Nd6 Bxd6 22. Rxd6 Nc5 23. Rad1 Rxd6 24. Rxd6 Qe3 25. Bc1 Qb3 26. Qd2 h6 27. Rd4
e5 28. Bd1 Qb1 29. Bc2 Qa2 30. Rd8+ Rxd8 31. Qxd8+ Kh7 32. Qd1 Nb3 33. Kh3 Bc8+
34. g4 Nd4 35. Bd3 Qf2 36. Qf1 Qxf1+ 37. Bxf1 Nxf3 38. Kg3 Nd4 39. Bb2 Nc6 40.
Be2 Be6 41. Kf3 f6 42. Bc3 Kg6 43. Kg3 Kf7 44. Kf3 Ke7 45. Ke3 Kd6 46. Kd2 Kc5
47. Bb2 Bxc4 48. Bd1 b5 49. Kc3 Nd4 50. Kd2 a5 51. Kc3 Bf1 52. Kd2 Kc4 53. Bc1
Bd3 54. Ke3 Bc2 55. Be2+ Nxe2 56. Kxe2 Bxe4 57. Bd2 b4 58. axb4 axb4 59. Ke3 b3
60. Bc1 Kc3 0-1

[Event "XVI. DBMM Schach"]
[Site "Dresden"]
[Date "2016.11.04"]
[Round "3.3"]
[White "Gempe, Anet"]
[Black "Achermann, Didier"]
[Result "1/2-1/2"]
[WhiteElo "2027"]
[BlackElo "1843"]
[Annotator "rgv"]
[PlyCount "51"]
[EventDate "2016.11.??"]
[SourceTitle "XVI. DBMM 2016"]
[Source "FV Schach e.V."]
[SourceDate "2017.06.14"]
[SourceVersion "1"]
[SourceVersionDate "2017.06.14"]
[SourceQuality "1"]
[WhiteTeam "ADAC Muenchen"]
[BlackTeam "Europaeisches Patentamt Muenchen II"]
[WhiteTeamCountry "GER"]
[BlackTeamCountry "GER"]

1. e4 c5 2. Nf3 d6 3. d4 cxd4 4. Nxd4 Nf6 5. Nc3 a6 6. Be2 e6 7. Be3 Be7 8. O-O
O-O 9. f3 b5 10. a3 Bb7 11. Qe1 Nbd7 12. Qf2 Rc8 13. Rfd1 Qc7 14. Kh1 d5 15.
exd5 Nxd5 16. Nxd5 Bxd5 17. c3 Qb7 18. Bd3 Nf6 19. Bc2 Rfd8 20. Ne2 Bc4 21. Ng3
Bd5 22. Rd2 Rd7 23. Rad1 Rcd8 24. Bb6 Rb8 25. Be3 Rbd8 26. Bb6 1/2-1/2

[Event "XVI. DBMM Schach"]
[Site "Dresden"]
[Date "2016.11.04"]
[Round "3.4"]
[White "Bond (EPA), Oliver"]
[Black "Weidl, Robert"]
[Result "1-0"]
[WhiteElo "1700"]
[BlackElo "1909"]
[Annotator "rgv"]
[PlyCount "101"]
[EventDate "2016.11.??"]
[SourceTitle "XVI. DBMM 2016"]
[Source "FV Schach e.V."]
[SourceDate "2017.06.14"]
[SourceVersion "1"]
[SourceVersionDate "2017.06.14"]
[SourceQuality "1"]
[WhiteTeam "Europaeisches Patentamt Muenchen II"]
[BlackTeam "ADAC Muenchen"]
[WhiteTeamCountry "GER"]
[BlackTeamCountry "GER"]

1. d4 Nf6 2. c4 g6 3. Nc3 Bg7 4. Nf3 O-O 5. h3 d5 6. cxd5 Nxd5 7. e4 Nxc3 8.
bxc3 c5 9. Bb2 Qa5 10. Qd2 Rd8 11. Bc4 cxd4 12. cxd4 Qxd2+ 13. Kxd2 Nc6 14. Ke3
Na5 15. Bd3 Be6 16. Bc3 Nc4+ 17. Ke2 Rac8 18. g4 Na3 19. Rac1 Bc4 20. Bb2 Bxd3+
21. Kxd3 Nb5 22. Rxc8 Rxc8 23. Rc1 Rxc1 24. Bxc1 e6 25. a4 Nd6 26. e5 Ne8 27.
Kc4 Bf8 28. g5 Nc7 29. Nd2 Nd5 30. Ne4 a6 31. Nf6+ Nxf6 32. gxf6 b6 33. h4 h5
34. Bd2 Kh7 35. f4 Ba3 36. Be3 Kg8 37. d5 exd5+ 38. Kxd5 b5 39. axb5 axb5 40.
e6 fxe6+ 41. Kxe6 Bf8 42. f7+ Kh7 43. Bd4 b4 44. Kd7 b3 45. Ke8 Bb4 46. f8=Q
Bxf8 47. Kxf8 Kh6 48. Kf7 Kh7 49. Kf6 Kh6 50. Bb2 Kh7 51. Kg5 1-0

[Event "XVI. DBMM Schach"]
[Site "Dresden"]
[Date "2016.11.04"]
[Round "3.1"]
[White "Feikes, Joerg"]
[Black "Decker, Ingo"]
[Result "1/2-1/2"]
[WhiteElo "1968"]
[BlackElo "1668"]
[Annotator "jf"]
[PlyCount "82"]
[EventDate "2016.11.??"]
[SourceTitle "XVI. DBMM 2016"]
[Source "FV Schach e.V."]
[SourceDate "2017.06.14"]
[SourceVersion "1"]
[SourceVersionDate "2017.06.14"]
[SourceQuality "1"]
[WhiteTeam "BA Tempelhof Berlin"]
[BlackTeam "SG Airbus Bremen"]
[WhiteTeamCountry "GER"]
[BlackTeamCountry "GER"]

1. e4 e5 2. Nf3 Nc6 3. Bc4 Bc5 4. d3 d6 5. c3 Nf6 6. Nbd2 a6 7. Bb3 O-O 8. h3
b5 9. Nf1 a5 10. Bg5 Rb8 11. Ne3 Bxe3 12. fxe3 h6 13. Bh4 Be6 14. O-O a4 15.
Bc2 Ne7 16. Bxf6 gxf6 17. Nh4 Ng6 18. Nf5 Bxf5 19. Rxf5 Kg7 20. Qf3 Rb6 21. Rf1
d5 22. exd5 Re8 23. d4 Qe7 24. Qf2 Rd8 25. h4 Rxd5 26. h5 Nf8 27. Be4 Rd7 28.
Qg3+ Kh8 29. dxe5 Nh7 30. Qf4 Ng5 31. Bb1 Rd5 32. exf6 Qd8 33. Rxd5 Qxd5 34.
Qxc7 Rd6 35. Qc8+ Rd8 36. Qf5 Qb7 37. Bc2 Rd5 38. Be4 Nxe4 39. Qxe4 Qd7 40. Qf4
Rxh5 41. Qf3 Re5 1/2-1/2

[Event "XVI. DBMM Schach"]
[Site "Dresden"]
[Date "2016.11.04"]
[Round "3.2"]
[White "Mikoteit, Siegfried"]
[Black "Kettenburg, Dr. Stefan"]
[Result "0-1"]
[WhiteElo "1288"]
[BlackElo "2063"]
[Annotator "rgv"]
[PlyCount "70"]
[EventDate "2016.11.??"]
[SourceTitle "XVI. DBMM 2016"]
[Source "FV Schach e.V."]
[SourceDate "2017.06.14"]
[SourceVersion "1"]
[SourceVersionDate "2017.06.14"]
[SourceQuality "1"]
[WhiteTeam "SG Airbus Bremen"]
[BlackTeam "BA Tempelhof Berlin"]
[WhiteTeamCountry "GER"]
[BlackTeamCountry "GER"]

1. e4 c6 2. d4 d5 3. Nc3 dxe4 4. Nxe4 Nd7 5. c4 Ngf6 6. Bd3 Nxe4 7. Bxe4 Nf6 8.
Bf3 e6 9. a3 Qc7 10. Ne2 b6 11. Bf4 Bd6 12. Bxd6 Qxd6 13. O-O Bb7 14. b4 O-O
15. b5 Rfd8 16. Qb3 Rac8 17. Qa4 cxb5 18. cxb5 Bxf3 19. gxf3 Qd5 20. Kg2 Qg5+
21. Ng3 h5 22. Kh1 Qf4 23. Qb3 Qxd4 24. Qe3 Qa4 25. Rab1 Rc5 26. Qb3 Qf4 27.
Qe3 Qxe3 28. fxe3 Rd3 29. a4 Rxe3 30. Rbd1 Rc7 31. Kg2 h4 32. Nh1 Nd5 33. Kh3
Ra3 34. Rd4 g5 35. Kg2 Ne3+ 0-1

[Event "XVI. DBMM Schach"]
[Site "Dresden"]
[Date "2016.11.04"]
[Round "3.4"]
[White "Schroeder, Wilfried"]
[Black "Baranowsky, Peter"]
[Result "0-1"]
[WhiteElo "1400"]
[BlackElo "2009"]
[Annotator "rgv"]
[PlyCount "62"]
[EventDate "2016.11.??"]
[SourceTitle "XVI. DBMM 2016"]
[Source "FV Schach e.V."]
[SourceDate "2017.06.14"]
[SourceVersion "1"]
[SourceVersionDate "2017.06.14"]
[SourceQuality "1"]
[WhiteTeam "SG Airbus Bremen"]
[BlackTeam "BA Tempelhof Berlin"]
[WhiteTeamCountry "GER"]
[BlackTeamCountry "GER"]

1. b4 e5 2. b5 d5 3. h3 Bd6 4. d4 c5 5. e3 c4 6. a3 Qa5+ 7. c3 Qxb5 8. a4 Qd7
9. Be2 Nc6 10. Nf3 e4 11. Ne5 Nxe5 12. dxe5 Bxe5 13. O-O Nf6 14. a5 O-O 15. f4
exf3 16. Bxf3 Ne4 17. Bxe4 dxe4 18. Bd2 Rd8 19. Ra2 g6 20. Na3 Qc6 21. Qe2 Rd3
22. Rc1 Bc7 23. Nc2 Qd6 24. Nb4 Qh2+ 25. Kf1 Bg3 26. Qf2 Bxf2 27. Kxf2 Rd6 28.
Be1 Bxh3 29. Ke2 Qxg2+ 30. Bf2 Bg4+ 31. Ke1 Qh1+ 0-1

[Event "XVI. DBMM Schach"]
[Site "Dresden"]
[Date "2016.11.04"]
[Round "3.1"]
[White "Obermeier, Karlheinz"]
[Black "Molinaroli, Martin"]
[Result "0-1"]
[WhiteElo "1525"]
[BlackElo "2274"]
[Annotator "rgv"]
[PlyCount "54"]
[EventDate "2016.11.??"]
[SourceTitle "XVI. DBMM 2016"]
[Source "FV Schach e.V."]
[SourceDate "2017.06.14"]
[SourceVersion "1"]
[SourceVersionDate "2017.06.14"]
[SourceQuality "1"]
[WhiteTeam "ADAC Muenchen II"]
[BlackTeam "Provinzial-Versicherung Duesseldorf"]
[WhiteTeamCountry "GER"]
[BlackTeamCountry "GER"]

1. e4 c6 2. d4 d5 3. Nc3 dxe4 4. Nxe4 Bf5 5. Nc3 Nf6 6. Nf3 e6 7. Bd3 Bxd3 8.
Qxd3 Nbd7 9. O-O Be7 10. Bf4 O-O 11. Rad1 Nd5 12. Nxd5 cxd5 13. c4 dxc4 14.
Qxc4 Nb6 15. Qb3 Qd5 16. Qxd5 Nxd5 17. Be5 Rac8 18. Rc1 Nb4 19. a3 Nd3 20. Rb1
f6 21. Bg3 Rc2 22. b4 Rfc8 23. h3 R8c3 24. Ra1 Kf7 25. Bb8 a6 26. Ba7 Nf4 27.
Rfd1 Nxh3+ 0-1

[Event "XVI. DBMM Schach"]
[Site "Dresden"]
[Date "2016.11.04"]
[Round "3.2"]
[White "Gerighausen, Karl-Heinz"]
[Black "Socher, Sabrina"]
[Result "1-0"]
[WhiteElo "1879"]
[BlackElo "1565"]
[Annotator "rgv"]
[PlyCount "69"]
[EventDate "2016.11.??"]
[SourceTitle "XVI. DBMM 2016"]
[Source "FV Schach e.V."]
[SourceDate "2017.06.14"]
[SourceVersion "1"]
[SourceVersionDate "2017.06.14"]
[SourceQuality "1"]
[WhiteTeam "Provinzial-Versicherung Duesseldorf"]
[BlackTeam "ADAC Muenchen II"]
[WhiteTeamCountry "GER"]
[BlackTeamCountry "GER"]

1. d4 d5 2. Bf4 Nc6 3. e3 Nf6 4. Nd2 e6 5. Bd3 Bd6 6. Bg3 Nb4 7. Be2 Bxg3 8.
hxg3 Bd7 9. c3 Nc6 10. Bd3 h6 11. Ngf3 Qe7 12. Ne5 Nxe5 13. dxe5 Nh7 14. Qc2
Nf8 15. Nf3 Bc6 16. b4 Nd7 17. b5 Bxb5 18. Bxb5 c6 19. Bd3 Nc5 20. O-O O-O 21.
Rfd1 f5 22. exf6 Qxf6 23. e4 Nxd3 24. Qxd3 g5 25. Qd4 Qxd4 26. cxd4 dxe4 27.
Nd2 e3 28. fxe3 Rae8 29. Nf3 Rf5 30. Ne5 Rd8 31. Rac1 Rd5 32. e4 Rfxe5 33. dxe5
Rxe5 34. Rd7 Rb5 35. Rf1 1-0

[Event "XVI. DBMM Schach"]
[Site "Dresden"]
[Date "2016.11.04"]
[Round "3.3"]
[White "Zunk, Olaf"]
[Black "Kuestermann, Dieter"]
[Result "0-1"]
[WhiteElo "1347"]
[BlackElo "1960"]
[Annotator "rgv"]
[PlyCount "44"]
[EventDate "2016.11.??"]
[SourceTitle "XVI. DBMM 2016"]
[Source "FV Schach e.V."]
[SourceDate "2017.06.14"]
[SourceVersion "1"]
[SourceVersionDate "2017.06.14"]
[SourceQuality "1"]
[WhiteTeam "ADAC Muenchen II"]
[BlackTeam "Provinzial-Versicherung Duesseldorf"]
[WhiteTeamCountry "GER"]
[BlackTeamCountry "GER"]

1. b3 e5 2. Bb2 Nc6 3. e3 d5 4. d4 e4 5. Nc3 Be6 6. f3 Nf6 7. Qd2 exf3 8. Nxf3
Bb4 9. O-O-O Ne4 10. Qe1 Qe7 11. Bb5 O-O 12. Bxc6 bxc6 13. Ne5 Qe8 14. Nd3 Bxc3
15. Bxc3 Bg4 16. Bb4 Bxd1 17. Bxf8 Qxf8 18. Kxd1 Qa3 19. Nb4 Qb2 20. Ke2 a5 21.
Kd3 axb4 22. Rf1 Rxa2 0-1

[Event "XVI. DBMM Schach"]
[Site "Dresden"]
[Date "2016.11.04"]
[Round "3.4"]
[White "Keller, Hansjuergen"]
[Black "Zunk, Steffi"]
[Result "1-0"]
[WhiteElo "1709"]
[BlackElo "804"]
[Annotator "rgv"]
[PlyCount "45"]
[EventDate "2016.11.??"]
[SourceTitle "XVI. DBMM 2016"]
[Source "FV Schach e.V."]
[SourceDate "2017.06.14"]
[SourceVersion "1"]
[SourceVersionDate "2017.06.14"]
[SourceQuality "1"]
[WhiteTeam "Provinzial-Versicherung Duesseldorf"]
[BlackTeam "ADAC Muenchen II"]
[WhiteTeamCountry "GER"]
[BlackTeamCountry "GER"]

1. d4 d5 2. Bf4 Nf6 3. e3 Bf5 4. Nf3 Nc6 5. c3 e6 6. Bd3 Bd6 7. Bg5 h6 8. Bh4
O-O 9. Bxf5 exf5 10. Bxf6 Qxf6 11. Nbd2 f4 12. O-O fxe3 13. fxe3 Ne7 14. e4 c5
15. e5 Qe6 16. exd6 Nf5 17. Re1 Ne3 18. Qc1 Rfe8 19. Nf1 cxd4 20. Nxd4 Qe4 21.
Nxe3 Re5 22. Nf3 Rae8 23. Nxe5 1-0

[Event "XVI. DBMM Schach"]
[Site "Dresden"]
[Date "2016.11.04"]
[Round "3.1"]
[White "Choinowski, Gustav"]
[Black "Hilbig, Olaf"]
[Result "1-0"]
[WhiteElo "2088"]
[BlackElo "2167"]
[Annotator "rgv"]
[PlyCount "89"]
[EventDate "2016.11.??"]
[SourceTitle "XVI. DBMM 2016"]
[Source "FV Schach e.V."]
[SourceDate "2017.06.14"]
[SourceVersion "1"]
[SourceVersionDate "2017.06.14"]
[SourceQuality "1"]
[WhiteTeam "RAPID Unilever Hamburg"]
[BlackTeam "Commerzbank Frankfurt II"]
[WhiteTeamCountry "GER"]
[BlackTeamCountry "GER"]

1. d4 Nf6 2. c4 d6 3. Nf3 g6 4. Nc3 Bg7 5. e4 O-O 6. Be2 e5 7. O-O Nc6 8. d5
Ne7 9. Ne1 Nd7 10. Be3 f5 11. f3 f4 12. Bf2 g5 13. Nd3 Rf6 14. g4 fxg3 15. hxg3
Rg6 16. Kg2 Nf6 17. Rh1 h5 18. Be3 h4 19. g4 Nd7 20. Qd2 Bf6 21. Nf2 Kg7 22.
Nh3 Ng8 23. b4 Be7 24. Nd1 Nh6 25. Bf2 Kf8 26. Ne3 b6 27. Nf5 Nxf5 28. exf5 Rg7
29. Be3 Bf6 30. Rac1 a5 31. a3 Qe7 32. Nf2 axb4 33. axb4 e4 34. Nxe4 Qe5 35.
Bd3 Ra3 36. Rh3 Qb2 37. Rd1 Qxd2+ 38. Rxd2 Bc3 39. Nxc3 Rxc3 40. Bd4 Rb3 41.
Bxg7+ Kxg7 42. f4 gxf4 43. g5 Ne5 44. f6+ Kg8 45. Bh7+ 1-0

[Event "XVI. DBMM Schach"]
[Site "Dresden"]
[Date "2016.11.04"]
[Round "3.3"]
[White "Kolipost, Mirko"]
[Black "Brauer, Frank"]
[Result "1/2-1/2"]
[WhiteElo "1694"]
[BlackElo "1836"]
[Annotator "rgv"]
[PlyCount "33"]
[EventDate "2016.11.??"]
[SourceTitle "XVI. DBMM 2016"]
[Source "FV Schach e.V."]
[SourceDate "2017.06.14"]
[SourceVersion "1"]
[SourceVersionDate "2017.06.14"]
[SourceQuality "1"]
[WhiteTeam "RAPID Unilever Hamburg"]
[BlackTeam "Commerzbank Frankfurt II"]
[WhiteTeamCountry "GER"]
[BlackTeamCountry "GER"]

1. e4 e5 2. f4 exf4 3. Nf3 d5 4. e5 g5 5. d4 g4 6. Bxf4 gxf3 7. Qxf3 Be6 8. Bd3
Qh4+ 9. g3 Qg4 10. Qe3 Nd7 11. Nd2 Ne7 12. c3 Ng6 13. Bg5 Be7 14. Bh6 O-O-O 15.
h3 Qh5 16. Be2 Qf5 17. Bd3 1/2-1/2

[Event "XVI. DBMM Schach"]
[Site "Dresden"]
[Date "2016.11.04"]
[Round "3.4"]
[White "Hoffmann, Frank"]
[Black "Kazemi Sresht, Rashid"]
[Result "1/2-1/2"]
[WhiteElo "1492"]
[BlackElo "1743"]
[Annotator "rgv"]
[PlyCount "106"]
[EventDate "2016.11.??"]
[SourceTitle "XVI. DBMM 2016"]
[Source "FV Schach e.V."]
[SourceDate "2017.06.14"]
[SourceVersion "1"]
[SourceVersionDate "2017.06.14"]
[SourceQuality "1"]
[WhiteTeam "Commerzbank Frankfurt II"]
[BlackTeam "RAPID Unilever Hamburg"]
[WhiteTeamCountry "GER"]
[BlackTeamCountry "GER"]

1. e4 c5 2. Nf3 d6 3. d3 Nc6 4. g3 Nf6 5. Bg2 Bg4 6. O-O e6 7. Nbd2 Be7 8. Re1
O-O 9. c3 Qc7 10. Nf1 h6 11. Ne3 Bh5 12. Qc2 Bg6 13. Bd2 a6 14. h3 b5 15. Nh2
Rac8 16. f4 b4 17. g4 a5 18. f5 Bh7 19. Qd1 Ne5 20. Qe2 c4 21. dxc4 Nxc4 22.
Nxc4 Qxc4 23. Qxc4 Rxc4 24. cxb4 axb4 25. Rac1 Rfc8 26. b3 Rxc1 27. Rxc1 Rxc1+
28. Bxc1 d5 29. exd5 exf5 30. Bf4 Bc5+ 31. Kf1 fxg4 32. Nxg4 Nxg4 33. hxg4 Bb1
34. d6 Kf8 35. Bc6 Bxa2 36. Ba4 f6 37. Ke2 Kf7 38. Kd3 Ke6 39. d7 Bb6 40. Kc4
Bb1 41. Kxb4 f5 42. g5 h5 43. Kb5 Bd8 44. b4 Be4 45. Kc5 Be7+ 46. Kb6 Bd8+ 47.
Kc5 h4 48. Bc6 h3 49. b5 Be7+ 50. Kb6 Bd8+ 51. Kc5 Be7+ 52. Kb6 Bd8+ 53. Kc5
Be7+ 1/2-1/2

[Event "XVI. DBMM Schach"]
[Site "Dresden"]
[Date "2016.11.04"]
[Round "3.1"]
[White "Zerenner, Pascal"]
[Black "Ungerer, Markus"]
[Result "1-0"]
[WhiteElo "1889"]
[BlackElo "2125"]
[Annotator "rgv"]
[PlyCount "107"]
[EventDate "2016.11.??"]
[SourceTitle "XVI. DBMM 2016"]
[Source "FV Schach e.V."]
[SourceDate "2017.06.14"]
[SourceVersion "1"]
[SourceVersionDate "2017.06.14"]
[SourceQuality "1"]
[WhiteTeam "Europark Altenberg"]
[BlackTeam "W&W Wuestenrot & Wuerttemb. Stuttgart"]
[WhiteTeamCountry "GER"]
[BlackTeamCountry "GER"]

1. d4 d5 2. c4 c6 3. Nf3 Nf6 4. Nc3 g6 5. cxd5 cxd5 6. Bf4 Nc6 7. e3 a6 8. h3
Bg7 9. Bd3 O-O 10. O-O h6 11. Rc1 Be6 12. Na4 Ne4 13. Nc5 Nxc5 14. Rxc5 Qd7 15.
Qd2 Kh8 16. Rfc1 g5 17. Ne5 Bxe5 18. Bxe5+ f6 19. Bg3 h5 20. Qe2 Bf7 21. Qf3
Rg8 22. Qf5 Qxf5 23. Bxf5 h4 24. Bh2 e6 25. Bg4 Rae8 26. Kf1 Bg6 27. R1c3 Be4
28. Bh5 Re7 29. Be2 g4 30. hxg4 h3 31. f3 hxg2+ 32. Kxg2 Bb1 33. a3 f5 34. Rc1
Ba2 35. Bf4 fxg4 36. fxg4 Rg6 37. Rh1+ Kg8 38. g5 e5 39. dxe5 b6 40. Rc3 d4 41.
Bc4+ Bxc4 42. Rxc4 dxe3 43. Re4 Nxe5 44. Rxe5 Rxe5 45. Bxe5 Rxg5+ 46. Bg3 Rb5
47. Rb1 Rf5 48. Re1 Rb5 49. Re2 Rb3 50. Be5 Kf7 51. Kf3 Ke6 52. Bh8 Kd5 53.
Rxe3 Rb5 54. Re5+ 1-0

[Event "XVI. DBMM Schach"]
[Site "Dresden"]
[Date "2016.11.04"]
[Round "3.2"]
[White "Peck, Malcolm"]
[Black "Schmidt, Gerhard"]
[Result "0-1"]
[WhiteElo "1797"]
[BlackElo "2116"]
[Annotator "rgv"]
[PlyCount "128"]
[EventDate "2016.11.??"]
[SourceTitle "XVI. DBMM 2016"]
[Source "FV Schach e.V."]
[SourceDate "2017.06.14"]
[SourceVersion "1"]
[SourceVersionDate "2017.06.14"]
[SourceQuality "1"]
[WhiteTeam "W&W Wuestenrot & Wuerttemb. Stuttgart"]
[BlackTeam "Europark Altenberg"]
[WhiteTeamCountry "GER"]
[BlackTeamCountry "GER"]

1. d4 Nf6 2. Nf3 g6 3. c4 Bg7 4. Nc3 O-O 5. e4 d6 6. Be2 e5 7. d5 c6 8. h3 cxd5
9. cxd5 Na6 10. Be3 Nc5 11. Nd2 a5 12. O-O b6 13. a3 Ba6 14. b4 Bxe2 15. Qxe2
Na6 16. Qb5 Nd7 17. Rfc1 f5 18. f3 Nc7 19. Qc6 Ne8 20. Nb5 Rb8 21. Nxd6 Rf6 22.
Bg5 Nxd6 23. Bxf6 Nxf6 24. Nc4 Nxc4 25. Rxc4 fxe4 26. fxe4 Qe8 27. b5 Qxc6 28.
dxc6 Bf8 29. Rd1 Rc8 30. c7 Ne8 31. Rd8 Rxc7 32. Rc6 Bc5+ 33. Kh1 Re7 34. Rdc8
Kf7 35. g4 Nd6 36. Rh8 Kg7 37. Ra8 Nxe4 38. Rcc8 Rf7 39. g5 Rf1+ 40. Kg2 Rf2+
41. Kh1 Ng3+ 42. Kg1 Rc2+ 43. Rxc5 Rxc5 44. Ra7+ Kg8 45. a4 Ne2+ 46. Kf2 Nc3
47. Ra8+ Kf7 48. Ra7+ Ke6 49. Rxh7 Nxa4 50. h4 Rxb5 51. Kf3 Rb3+ 52. Kg4 Rb4+
53. Kf3 Rf4+ 54. Kg3 Rf7 55. Rh8 Kf5 56. Rc8 Nc5 57. Rc6 Nd7 58. Rc1 e4 59. Rc4
Ke5 60. h5 gxh5 61. Kh4 e3 62. Rc1 Ke4 63. Kxh5 e2 64. g6 Rf1 0-1

[Event "XVI. DBMM Schach"]
[Site "Dresden"]
[Date "2016.11.04"]
[Round "3.3"]
[White "Bussler, Juergen"]
[Black "Topol, Martin"]
[Result "1-0"]
[WhiteElo "1940"]
[BlackElo "1362"]
[Annotator "rgv"]
[PlyCount "31"]
[EventDate "2016.11.??"]
[SourceTitle "XVI. DBMM 2016"]
[Source "FV Schach e.V."]
[SourceDate "2017.06.14"]
[SourceVersion "1"]
[SourceVersionDate "2017.06.14"]
[SourceQuality "1"]
[WhiteTeam "Europark Altenberg"]
[BlackTeam "W&W Wuestenrot & Wuerttemb. Stuttgart"]
[WhiteTeamCountry "GER"]
[BlackTeamCountry "GER"]

1. d4 f5 2. c4 Nf6 3. Nc3 b6 4. Nf3 e6 5. g3 Bb7 6. Bg2 Be7 7. O-O O-O 8. b3 d6
9. Bb2 Nbd7 10. Qc2 Rb8 11. Ng5 Bxg2 12. Kxg2 Qe8 13. Nxe6 Qh5 14. Nxf8 Rxf8
15. Nd5 Bd8 16. Nf4 1-0